[Event "Asia Cities-ch 20th"]
[Site "Bhubaneswar"]
[Date "2017.08.30"]
[Round "7.6"]
[White "Baivab, Mishra"]
[Black "Ranjan, Mohanty"]
[Result "1-0"]
[WhiteElo "2074"]
[BlackElo "1782"]
[PlyCount "103"]
[EventDate "2017.08.26"]
[EventType "team-swiss"]
[EventRounds "9"]
[EventCountry "IND"]
[SourceTitle "CBM 180 Extra"]
[Source "ChessBase"]
[SourceDate "2017.10.06"]
[SourceVersion "1"]
[SourceVersionDate "2017.10.06"]
[SourceQuality "1"]
[WhiteTeam "Puri"]
[BlackTeam "Cuttack"]
[WhiteTeamCountry "IND"]
[BlackTeamCountry "IND"]

1. d4 d5 2. c4 e6 3. Nf3 Nf6 4. g3 Be7 5. Bg2 0-0 6. 0-0 b6 7. Nc3 Bb7 8. Ne5 Nbd7 9. Qa4 c5 10. Nxd7 Nxd7 11. cxd5 cxd4 12. Qxd4 Bf6 13. Qd1 e5 14. Ne4 g6 15. Nxf6+ Qxf6 16. e4 Nc5 17. Be3 Rfc8 18. b4 Na6 19. Qb3 Qd6 20. a3 Nc7 21. Rac1 Ne8 22. Bh3 Rxc1 23. Rxc1 Nf6 24. f3 Rd8 25. Qa4 a6 26. Bf1 Ra8 27. Rc3 Ne8 28. Qc2 Kg7 29. Qf2 b5 30. Qb2 Kg8 31. Rc5 Qf6 32. Bd2 h5 33. h4 Qd8 34. Qc3 Kh7 35. Bc1 Kg8 36. Bb2 f6 37. Bc1 Qd7 38. Bg2 Qd6 39. Kh2 Qe7 40. Bh3 Rd8 41. Be6+ Kh8 42. f4 Rd6 43. fxe5 Rxe6 44. dxe6 Qxe6 45. Bb2 f5 46. exf5 gxf5 47. Qd2 Kh7 48. Qd1 Qg6 49. Qd7+ Qg7 50. Qxg7+ Kxg7 51. e6+ Kg6 52. Be5 1-0

[Event "New Delhi Parsvnath op 5th"]
[Site "New Delhi"]
[Date "2007.01.15"]
[Round "1"]
[White "Hossain, Enamul"]
[Black "Ranjan, Mohanty"]
[Result "1-0"]
[WhiteElo "2506"]
[BlackElo "1921"]
[PlyCount "26"]
[EventDate "2007.01.15"]
[EventType "swiss"]
[EventRounds "10"]
[EventCountry "IND"]
[SourceTitle "CBM 116 Extra"]
[Source "ChessBase"]
[SourceDate "2007.03.07"]
[SourceVersion "1"]
[SourceVersionDate "2007.03.07"]
[SourceQuality "1"]

1. e4 c5 2. Nf3 d6 3. d4 cxd4 4. Nxd4 Nf6 5. Nc3 g6 6. Be3 Bg7 7. f3 0-0 8. Qd2 Nc6 9. Bc4 Bd7 10. 0-0-0 Ne5 11. Bb3 Qa5 12. Kb1 Nc4 13. Bxc4 Qc7 1-0